000 00915nam a2200289Ia 4500
003 OSt
005 20220925223959.0
006 a|||||r|||| 00| 0
007 ta
008 220923b |||||||| |||| 00| 0 eng d
020 _a97811388078841
_c5928.65
037 _b1633, 09/02/2018, Dhanraj Book House
_cGeneral Book
040 _aRTL
_cRTL
_beng
041 _2eng
_aeng
082 _aX:51.1, Q7
100 _aALON Ilan
_9288352
245 0 _aGlobal Marketing
_b Contemporary theory, practice, and Cases
250 _a2nd
260 _aLondon
_bRoutledge
_c2017
300 _axxvi, 699p
_ccm.
500 _aBibliography :p129-141
650 _aCommerce
700 _a JAFFE Eugene
_9290666
700 _a PRANGE Christiane
_9249039
942 _hX:51.1, Q7
_cGB
_2CC
999 _c580772
_d580772